La salud en el territorio de Tirúa

Guardat en:
Dades bibliogràfiques
Autor principal: Marimán Quemenado, Pablo (autor)
Format: Llibre
Idioma:espanyol
Mapudungun
Publicat: Concepción Cesfam 2016
Concepción Municipalidad de Tirúa 2016
Edició:1a. ed
Matèries:
Etiquetes: Afegir etiqueta
Sense etiquetes, Sigues el primer a etiquetar aquest registre!

MARC

LEADER 00000cam a2200000 a 4500
001 UCD9926
003 CL-VaPUC
008 170709e20161200cl |||||||||||||||||spa|d
020 |a 9789569923005 
041 0 7 |a spa  |2 CL-VaPUC 
041 0 7 |a arn  |2 CL-VaPUC 
082 0 4 |a 306.461  |b MAR  |2 21 
100 |a Marimán Quemenado, Pablo  |e autor  |9 621857 
245 1 3 |a La salud en el territorio de Tirúa 
246 1 0 |a Lawentuwün trürwa mapu mew 
250 |a 1a. ed 
300 |a 143 p 
942 |c BK 
945 |d 20170709 17:01:00  |a arojas 
260 |a Concepción  |b Cesfam  |c 2016 
260 |a Concepción  |b Municipalidad de Tirúa  |c 2016 
650 0 |a Desarrollo cultural  |9 267526 
650 0 |a Interculturalidad   |9 493451 
650 7 |a MEDICINA MAPUCHE  |2 CL-VaPUC  |9 593851 
650 0 |a Medicina alternativa   |9 513088 
650 0 |a Salud  |9 258663 
650 0 |a Mapuches   |9 392456 
583 |a last modification  |c 20170709 17:01:00  |k Rodrigo Vera 
999 |c 368938  |d 368936 
952 |0 0  |1 0  |3 erb  |4 0  |6 306_461000000000000_MAR_2016_2016  |7 0  |8 A  |9 484438  |a BIBEDU  |b BIBEDU  |i 5404231  |o 306.461 MAR 2016 2016  |p 5404231  |r 2019-11-24  |w 2019-11-24  |y BK  |z Catalogado en:20170709  |k EPE 
952 |0 0  |1 0  |3 erb  |4 0  |6 306_461000000000000_MAR_2016_2016  |7 0  |8 A  |9 484439  |a BIBEDU  |b BIBEDU  |i 540424K  |o 306.461 MAR 2016 2016  |p 540424K  |r 2019-11-24  |w 2019-11-24  |y BK  |z Catalogado en:20170709  |k EPE